000 00781nam a22002177a 4500
005 20230329081844.0
008 230328b |||||||| |||| 00| 0 eng d
020 _a978-1-405-19502-7
082 _a343.4107869 B868 2019
100 _aBillington, Micheal J.
_eauthor
245 _aThe building regulations:
_bexplained and illustrated /
_cM. J. [Michael J.] Billington, S.P. [Stephen P.] Barnshaw, K. T. [Keith T.] Bright, A. [Andy] Crooks
250 _a14th ed.
260 _aWest Sussex, UK:
_bWiley Blackwell,
_cc2017.
300 _axvii, 998p.:
_bill.
504 _aIncludes index
541 _e6365
650 _aBuilding - Law and legislation - England
700 _aBarmshaw, Stephen P.
_eauthor
700 _aBright, Keith T.
_eauthor
700 _aCrooks, Andy
_eauthor
999 _c2046
_d2046